Welcome to the Holygrace Academy Library

Please use search bar below to get started

PIRATE LATITUDES (Record no. 2917)

MARC details
000 -LEADER
fixed length control field 00596nam a22001457a 4500
020 ## - INTERNATIONAL STANDARD BOOK NUMBER
ISBN 978-0-00-735522-8
082 ## - DEWEY DECIMAL CLASSIFICATION NUMBER
Classification number 823
Item number CRI/P
100 ## - MAIN ENTRY--AUTHOR NAME
Personal name CRICHTON, MICHAEL
245 ## - TITLE STATEMENT
Title PIRATE LATITUDES
260 ## - PUBLICATION, DISTRIBUTION, ETC. (IMPRINT)
Place of publication LONDON
Name of publisher HARPER COLLINS
Year of publication 2009
300 ## - PHYSICAL DESCRIPTION
Number of Pages 310
520 ## - SUMMARY, ETC.
Summary, etc Pirate Latitudes is an adventure story set in the New World, in 1665, when Jamaica was a British colony holding out against Spanish dominance. The story centers on a plan hatched by the island's governor and a notorious pirate called Hunter to raid a Spanish treasure galleon.
650 ## - SUBJECT ADDED ENTRY--TOPICAL TERM
Topical Term NOVEL
Geographic subdivision UNITED KINGDOM
942 ## - ADDED ENTRY ELEMENTS (KOHA)
Koha item type Books
Holdings
Withdrawn status Lost status Collection code Home library Current library Shelving location Date acquired Source of acquisition Cost, normal purchase price Full call number Accession Number Koha item type
    Fiction Main Library Main Library SHELF-14C- ALPHABETICAL -C--ENGLISH NOVELS & FICTIONS 18/06/2010 purchase 250.00 823 CRI/P 05420 Books